Ojo clínico. (Registro nro. 728)

Detalles MARC
000 -LEADER
fixed length control field 01250 am a2200265 a 4500
005 - FECHA ULTIMA MODIFICACION
control field 20240814123119.0
008 - CAMPO DE CONTROL (LIBRO)
fixed length control field 100915s1998||||ag a f |||| 001 0 spa d
020 ## - INTERNATIONAL STANDARD BOOK NUMBER
ISBN S/N
041 ## - CODIGO DE IDIOMA
Código de idioma del texto/pista de sonido o título separado spa
092 ## - SIGNATURA TOPOGRAFICA DEWEY LOCAL
número de clasificación 808.8
libristica 1
sección ACU
100 1# - ENTRADA PRINCIPAL--NOMBRE PERSONAL
Nombre personal Acuña, Leopoldo E.
9 (RLIN) 1456
245 ## - TITULO PROPIAMENTE DICHO
Título Ojo clínico.
Subtítulo y Título paralelo Vademecum literario /
Mención de responsabilidad y remanente de la transcripción de la portada Leopoldo E. Acuña.
250 ## - MENCION DE EDICION
Mención de edición 1a ed.
260 ## - PIE DE IMPRENTA
Lugar de publicación, distribución, etc La Plata [Buenos Aires ; Argentina]:
Nombre de la editorial, distribuidor, etc Arte Médico;
Fecha de publicación 1998.
300 ## - DESCRIPCION FISICA
Extension 83 p.
500 ## - NOTA GENERAL
Nota general Acuña, L. E. (1998). Ojo clínico. Vademecum literario. (1a ed.). Buenos Aires : Arte Médico
505 ## - NOTA DE CONTENIDO
Nota de contenido formateada "Ojo Clínico" es una expresión que designa la aptitud singular para apreciar rápidamente las circunstancias que ocurren en determinados casos. También es el nombre de fantasía utilizado en un ciclo de programas de televisión, que intenta relacionar al arte de curar con otras artes: música, pintura, cine, escultura, literatura. Precisamente en la forma de cuentos cortos y poemas, se presenta este libro sobre medicina y literatura, que apunta a expresar por escrito, lo alguna vez expuesto en la pantalla del televisor.
653 ## - TÉRMINO INDIZADO - PALABRAS CLAVES
Palabra clave Literatura
930 ## - NUMERO DE INVENTARIO
Número de inventario 500
930 ## - NUMERO DE INVENTARIO
Número de inventario 501
930 ## - NUMERO DE INVENTARIO
Número de inventario 502
930 ## - NUMERO DE INVENTARIO
Número de inventario 503
930 ## - NUMERO DE INVENTARIO
Número de inventario 504
942 ## - ADDED ENTRY ELEMENTS (KOHA)
Source of classification or shelving scheme Dewey Decimal Classification
Item type Libros
Existencias
Estado de retiro Existencia Fuente de clasificación Estado general No para prestamo Ubicación permanente ubicación actual Sala de ubicación Fecha de adquisición Total Checkouts Número de clasificación Código de barras Date last seen Número de ejemplar Price effective from Koha tipo de elemento (item)
    Dewey Decimal Classification     Biblioteca Medicina Biblioteca Medicina Circulación 13/05/2011   808.8 1 ACU 500 06/11/2014 ej.1 13/05/2011 LITERATURA
    Dewey Decimal Classification     Biblioteca Medicina Biblioteca Medicina Circulación 13/05/2011   808.8 1 ACU 501 06/11/2014 ej.2 13/05/2011 LITERATURA
    Dewey Decimal Classification     Biblioteca Medicina Biblioteca Medicina Circulación 13/05/2011   808.8 1 ACU 502 06/11/2014 ej.3 13/05/2011 LITERATURA
    Dewey Decimal Classification     Biblioteca Medicina Biblioteca Medicina Circulación 13/05/2011   808.8 1 ACU 503 06/11/2014 ej.4 13/05/2011 LITERATURA
    Dewey Decimal Classification     Biblioteca Medicina Biblioteca Medicina Circulación 13/05/2011   808.8 1 ACU 504 06/11/2014 ej.5 13/05/2011 LITERATURA

UNIVERSIDAD NACIONAL DEL COMAHUE
Biblioteca de la Facultad de Ciencias Médicas
Sede Toschi: Los Arrayanes y Av. Toschi, Cipolletti  - Rio Negro
Sede Los Tordos:  Yrigoyen al 2211, Cipolletti - Rio Negro 

Teléfono: 0299 - 4774707 int 25
Contacto: biblioteca@facimed.uncoma.edu.ar
© 2011 - 2026